000 00495nam a22002057a 4500
003 UA-OsUOA
001 42008
007 ta
008 20081116b un ||||| |||| 00| 0 ukr d
090 _a247
_bД43
942 _cBR
040 _aUA-OsUOA
_brus
_cUA-OsUOA
_dUA-OsUOA
245 _aДзвони: історія та сучасність
955 _a4
041 _arus
080 _a247
260 _aЛуцьк
_c1990
650 7 _a2 Релігія. Теологія.
_2UDC
999 _c440504
_d440504